Vai trò của văn hóa trong sự nghiệp công nghiệp hóa - hiện đại hóa nông thôn, nông nghiệp vùng đồng bằng sông Hồng

Thực trạng của thị trường tín dụng nông thôn vùng đồng bằng sông Hồng, nguyên nhân của những thành tựu và khó khăn trong quá trình đáp ứng vốn phục vụ công nghiệp hoá, hiện đại hoá nông thôn đồng bằng sông Hồng. Trình bày 4 giải pháp chủ yếu nhằm phát triển thị trường tính dụng nông thôn đồng bằng s...

Disgrifiad llawn

Wedi'i Gadw mewn:
Manylion Llyfryddiaeth
Prif Awdur: Lê, Quý Đức
Awduron Eraill: Lê Quý Đức
Iaith:Undetermined
Cyhoeddwyd: Hà Nội Văn hóa - Thông tin,Viện Văn hóa 2005
Pynciau:
Tagiau: Ychwanegu Tag
Dim Tagiau, Byddwch y cyntaf i dagio'r cofnod hwn!
Thư viện lưu trữ: Trung tâm Học liệu Trường Đại học Trà Vinh
LEADER 01219nam a2200241Ia 4500
001 TVU_6702
008 210423s9999 xx 000 0 und d
041 |a Vie 
082 |a 306.3 
082 |b Đ552 
100 |a Lê, Quý Đức 
245 0 |a Vai trò của văn hóa trong sự nghiệp công nghiệp hóa - hiện đại hóa nông thôn, nông nghiệp vùng đồng bằng sông Hồng 
245 0 |c Lê Quý Đức (chủ biên) 
260 |a Hà Nội 
260 |b Văn hóa - Thông tin,Viện Văn hóa 
260 |c 2005 
300 |a 304 tr. 
300 |c 21 cm 
504 |a Phụ chú: tr.304 
520 |a Thực trạng của thị trường tín dụng nông thôn vùng đồng bằng sông Hồng, nguyên nhân của những thành tựu và khó khăn trong quá trình đáp ứng vốn phục vụ công nghiệp hoá, hiện đại hoá nông thôn đồng bằng sông Hồng. Trình bày 4 giải pháp chủ yếu nhằm phát triển thị trường tính dụng nông thôn đồng bằng sông Hồng 
650 |a Công nghiệp hóa; Công nghiệp nông thôn; Đồng bằng sông Hồng 
700 |a Lê Quý Đức  
980 |a Trung tâm Học liệu Trường Đại học Trà Vinh